[Event "Ptuj op 10"]
[Site "Ptuj"]
[Date "2015.10.28"]
[Round "6"]
[White "Stumberger, Jan"]
[Black "Horvat, Ziga"]
[Result "0-1"]
[WhiteElo "1500"]
[BlackElo "1500"]
[PlyCount "40"]
[EventDate "2015.10.24"]
[EventType "swiss"]
[EventRounds "9"]
[EventCountry "SLO"]
[SourceTitle "CBM 169 Extra"]
[Source "ChessBase"]
[SourceDate "2015.12.18"]
[SourceVersion "1"]
[SourceVersionDate "2015.12.18"]
[SourceQuality "1"]

1. e4 e5 2. Nf3 Nc6 3. g3 Nf6 4. Nc3 Bc5 5. Bg2 d5 6. d3 0-0 7. 0-0 dxe4 8. dxe4 Qxd1 9. Nxd1 Bg4 10. Nc3 Nd4 11. Nxe5 b6 12. Nxg4 Nxg4 13. Nd5 Ne2+ 14. Kh1 Nxf2+ 15. Rxf2 Bxf2 16. e5 Rae8 17. Nxc7 Rxe5 18. b3 Rc8 19. Bb2 Rc5 20. Na6 Rxc2 0-1

[Event "Ptuj op 10"]
[Site "Ptuj"]
[Date "2015.10.26"]
[Round "4"]
[White "Stumberger, Jan"]
[Black "Gabrijan, Timotej"]
[Result "0-1"]
[WhiteElo "1500"]
[BlackElo "1351"]
[PlyCount "62"]
[EventDate "2015.10.24"]
[EventType "swiss"]
[EventRounds "9"]
[EventCountry "SLO"]
[SourceTitle "CBM 169 Extra"]
[Source "ChessBase"]
[SourceDate "2015.12.18"]
[SourceVersion "1"]
[SourceVersionDate "2015.12.18"]
[SourceQuality "1"]

1. e4 d6 2. Nf3 f5 3. exf5 Bxf5 4. Bc4 e5 5. 0-0 Be7 6. Nc3 c6 7. d3 Nd7 8. Be3 Ngf6 9. Qd2 h6 10. h3 d5 11. Nh4 Bh7 12. Na4 dxc4 13. dxc4 Ne4 14. Qe2 Bxh4 15. Rad1 Qe7 16. Qd3 Nxf2 17. Qa3 Qxa3 18. bxa3 Nxd1 19. Rxd1 Bxc2 20. Rd2 Bxa4 21. Bf2 Bxf2+ 22. Rxf2 0-0-0 23. Rf1 Rhf8 24. h4 Rxf1+ 25. Kxf1 Rf8+ 26. Kg1 e4 27. g3 e3 28. Kh2 Ne5 29. Kh3 Bd1 30. a4 Rf2 31. a5 Bg4# 0-1